000 01297nam a22002897a 4500
005 2010101908158.0
008 101019t xxu||||| |||| 00| 0 hin d
010 _aHIN-94779
020 _c220.00
_a9788126330829
035 _aHN-67125
037 _bDBAD / PUB
040 _aDPL
_bHN
082 _a821
100 _923632
245 _aशहरयार सुनो... /
_bगुलजार द्वारा संपादित
260 _aनई दिल्ली
_bभारतीय ज्ञानपीठ
_c2011
270 _bनई दिल्ली
_a18, इन्स्टीट्यूशनल एरिया,लोदी रोड़,
_e110003
_mjnanpith@satyam.net.in
300 1 _a191पृ.
_c22सेमी (सजिल्द)
490 _aलोकोदय ग्रन्थमाला-ग्रथांक 1091
_936717
650 _9657
_aहिन्दी कविता
650 _934273
700 _934278
_aकालिया,रवीन्द्र
710 _934811
_aजैन,गुलाबचन्द्र
710 _935049
_aगुलजार
942 _2ddc
_cHN
_mशहर
_h821
999 _c59209
_d59209